00326nam a2200121Ia 4500008004100000041000800041082001400049100002000063245004400083260003800127300003000165365000900195240624s9999 xx 000 0 und d aeng a338.4 MAN aMANTLE JONATHAN aCAR WARS FIFTY YEARS OF GREED TREACHERY c1995aNew YorkbArcade Publishing axv, : 253 : p. : cm. ; 24 cb30